Score 0/26 Timer 03:00
5 Plays Today
Clue Answer % Correct
★ ____ Ferrell, voice of [first rung] + [last rung]WILL
93.4%
'If you like ____ coladas'PIÑA
90.2%
Scoooooore!GOAL
88.8%
Place for a Facebook postWALL
88%
★ ____ Fey, voice of Roxanne RitchieTINA
87.2%
The 'M' of YMCAMEN'S
87.1%
Usually worn whilst playing bagpipesKILT
85.7%
2 cupsPINT
83.4%
RepairMEND
83.3%
One holding a diploma, for shortGRAD
82.8%
Part of a rosaryBEAD
78.8%
Match a bet, in pokerCALL
78.1%
Urge onGOAD
77.2%
Clue Answer % Correct
Fermented honey drinkMEAD
75.6%
★ Jonah ____, voice of TitanHILL
75.2%
Sharp part of a pitchforkTINE
73.1%
★ With [rung 20], voice of Metro ManBRAD
71.9%
Cutlass handleHILT
70.5%
Anthracite is an example of thisCOAL
70.1%
Univ.COLL.
67.6%
Where [rung 11] is usually extractedMINE
66%
Eartha who sang 'Santa Baby'KITT
64.8%
★ With [rung 7], voice of Metro ManPITT
63.5%
★ 2010 Dreamworks film (2nd part)MIND
47.2%
Informal term for computer storage unitsMEGS
45.3%
★ 2010 Dreamworks film (1st part)MEGA
43.9%

Today's Daily Dose

You're not logged in!

Compare scores with friends on all Sporcle quizzes.
OR
Log In

Sporcle TV

Today on Sporcle TV


Watch our educational content, quiz creation guides, and fun videos on Sporcle TV.

Show Comments

Extras

Top Quizzes Today


Score Distribution

Your Account Isn't Verified!

In order to create a playlist on Sporcle, you need to verify the email address you used during registration. Go to your Sporcle Settings to finish the process.

Report this User

Report this user for behavior that violates our Community Guidelines.

Details: